Consumer behavior /

Gorde:
Xehetasun bibliografikoak
Egile nagusia: Mowen, John C.
Formatua: Liburua
Hizkuntza:English
Argitaratua: Upper Saddle River, N.J. : Prentice-Hall, 1998.
Edizioa:5th edition.
Gaiak:
Etiketak: Etiketa erantsi
Etiketarik gabe, Izan zaitez lehena erregistro honi etiketa jartzen!
Thư viện lưu trữ: Mạng thư viện Đại học Đà Nẵng
LEADER 00888cam a2200349 i 4500
001 000046393
003 5856
005 20030217152828.0
008 010220|1998 vm 000 eng
020 |a 0137371152 
040 |a IRC  |c IRC  |d IRC 
041 0 |a eng 
082 1 4 |a 658.8342  |b MO-J 
100 1 |a Mowen, John C. 
245 0 0 |a Consumer behavior /  |c John C. Mowen. 
250 |a 5th edition. 
260 |a Upper Saddle River, N.J. :  |b Prentice-Hall,  |c 1998. 
300 |a xxi, 696p. :  |b ill. (some col.) 
630 0 4 |a Consumer behavior. 
630 0 4 |a Consumer. 
650 0 4 |a Consumer behavior. 
650 0 4 |a Consumers  |z United States. 
OWN |a DUT 
999 |a From the UDN01 
TYP |a Monograph 
TYP |a Printed language 
980 |a Mạng thư viện Đại học Đà Nẵng